000 01140nam a22002657a 4500
003 OSt
005 20250411094322.0
008 240913b ||||| |||| 00| 0 eng d
040 _c0
082 _aDPer 621.317 Ie21 December 2022 v.37 n. 12 part 1&2.
100 _aZhang, Chengquan.
_eauthor.
_960998
245 _aMultiport hybrid dc circuit breaker with current flow control for mtdc grids /
_cChengquan Zhang, Guibin Zou, Shou Zhang, Chunhua Xu, and Weijie Sun.
260 _aNew York ;
_bThe Institute of Electrical and Electronics Engineers, Inc.,
_cDecember 2022.
300 _avolume 37, pages 15605-15615,
_billustration.
500 _aIEEE Transactions on Power Electronics, v. 37 n. 12, pages 15605-15615, December 2022.
650 0 _aCurrent flow controller (CFC).
_966326
650 0 _amultiport hybrid dc breaker.
_966327
650 0 _amultiterminal dc (MTDC) grid.
_966328
700 _aZhang, Chengquan.
_eauthor.
_960998
700 _aZou, Guibin.
_eauthor.
_960999
700 _aZhang, Shou.
_eauthor.
_961000
700 _aXu, Chunhua.
_eauthor.
_961001
700 _aSun, Weijie.
_eauthor.
_961002
942 _2ddc
_cPER
999 _c21618
_d21618